Central Library || Chittagong University

Katzungs basic and clinical pharmacology/ (Record no. 112977)

MARC details
000 -LEADER
fixed length control field 00564nam a22002057a 4500
003 - CONTROL NUMBER IDENTIFIER
control field BD-ChCU
005 - DATE AND TIME OF LATEST TRANSACTION
control field 20260514101447.0
008 - FIXED-LENGTH DATA ELEMENTS--GENERAL INFORMATION
fixed length control field 260514b ny ||||| |||| 00| 0eng d
020 ## - INTERNATIONAL STANDARD BOOK NUMBER
International Standard Book Number 9781265446635
040 ## - CATALOGING SOURCE
Transcribing agency BD-ChCU
082 ## - DEWEY DECIMAL CLASSIFICATION NUMBER
Edition number 23
Classification number 615.1 K11
245 ## - TITLE STATEMENT
Title Katzungs basic and clinical pharmacology/
Statement of responsibility, etc. Edited by Todd W Vanderah.
250 ## - EDITION STATEMENT
Edition statement 16ed.
260 ## - PUBLICATION, DISTRIBUTION, ETC.
Place of publication, distribution, etc. New York :
Name of publisher, distributor, etc. McGraw- Hill,
Date of publication, distribution, etc. 2024
300 ## - PHYSICAL DESCRIPTION
Extent 1348 P. :
504 ## - BIBLIOGRAPHY, ETC. NOTE
Bibliography, etc. note Includes.
650 #0 - SUBJECT ADDED ENTRY--TOPICAL TERM
Topical term or geographic name entry element Pharmacology.
9 (RLIN) 22990
700 ## - ADDED ENTRY--PERSONAL NAME
Personal name Vanderah, Todd W.
9 (RLIN) 22991
Relator term Editor
942 ## - ADDED ENTRY ELEMENTS (KOHA)
Source of classification or shelving scheme Dewey Decimal Classification
Koha item type Books
Suppress in OPAC No
Holdings
Withdrawn status Lost status Source of classification or shelving scheme Damaged status Not for loan Home library Current library Shelving location Date acquired Source of acquisition Total Checkouts Full call number Barcode Date last seen Copy number Price effective from Koha item type
    Dewey Decimal Classification     Chittagong University Library Chittagong University Library Science Reading Room 05/14/2026 purchase   615.1 K11 343503 05/14/2026 C-1 05/14/2026 Books
    Dewey Decimal Classification     Chittagong University Library Chittagong University Library Science Reading Room 05/14/2026 purchase   615.1 K11 343504 05/14/2026 C-2 05/14/2026 Books
    Dewey Decimal Classification     Chittagong University Library Chittagong University Library Science Reading Room 05/14/2026 purchase   615.1 K11 343505 05/14/2026 C-3 05/14/2026 Books
    Dewey Decimal Classification     Chittagong University Library Chittagong University Library Science Reading Room 05/14/2026 purchase   615.1 K11 343506 05/14/2026 C-4 05/14/2026 Books
© Copyright 2026. Chittagong University Library, Installation and Maintenance by Prof. Dr. Md. Alamgir, 01711306253